000 00278nam a2200097 a 4500
005 20200930070134.0
008 110823s1923 000 spa d
245 0 _aReflexiones acerca de la pena de muerte y de su aplicación en Santo Domingo.
260 _c1923.
999 _c32758
_d32758
040 _aDO-SdBNP